| 000 | 00683nam a22002417a 4500 | ||
|---|---|---|---|
| 003 | UA-OsUOA | ||
| 001 | 58137 | ||
| 007 | ta | ||
| 008 | 20090127b un ||||| |||| 00| 0 ukr d | ||
| 100 | _aБусыгина И.М. | ||
| 090 |
_a94(430) _bБ92 |
||
| 942 | _cBK | ||
| 040 |
_aUA-OsUOA _bukr _cUA-OsUOA _dUA-OsUOA |
||
| 245 | _aРегионы Германии | ||
| 300 | _a351 с. | ||
| 955 | _a2 | ||
| 041 | _aukr | ||
| 080 | _a94(430) | ||
| 020 | _a5-8243-0079-8 | ||
| 260 |
_aМ. _bРоссийская политическая энциклопедия (РОССПЭН) _c1999 |
||
| 650 | 7 |
_a9 Географія. Біографії. Історія _2UDC |
|
| 999 |
_c344223 _d344223 |
||